[Event "European Blitz Championship 2021"]
[Site "Katowice"]
[Date "2021.12.17"]
[Round "17.10"]
[White "Brodowski, Piotr"]
[Black "Donchenko, Alexander"]
[Result "0-1"]
[WhiteElo "2335"]
[BlackElo "2645"]
[Annotator "RC"]
[PlyCount "62"]
[EventDate "2021.12.17"]
[EventType "swiss"]
[EventCountry "POL"]
[SourceTitle "playchess.com"]
[Source "ChessBase"]
[SourceQuality "1"]

1. c4 Nf6 2. Nc3 e5 3. Nf3 Nc6 4. e4 Bb4 5. d3 d6 6. a3 Bc5 7. b4 Bb6 8. Na4
Bd4 9. Nxd4 Nxd4 10. h3 Be6 11. Nc3 c6 12. g3 O-O 13. Bg2 b5 14. Be3 bxc4 15.
dxc4 Bxc4 16. Bxd4 exd4 17. Qxd4 d5 18. e5 Nd7 19. f4 f6 20. e6 Qe7 21. f5 Ne5
22. Kd2 a5 23. Qc5 Qc7 24. Bf1 axb4 25. Nb5 Nf3+ 26. Ke3 Qxg3 27. Bxc4 dxc4 28.
Nd6 Ne5+ 29. Ke2 Qf3+ 30. Kd2 c3+ 31. Kc2 b3+ 0-1

[Event "European Blitz Championship 2021"]
[Site "Katowice"]
[Date "2021.12.17"]
[Round "17.10"]
[White "Zakrzewski, Marek"]
[Black "Kiolbasa, Damian"]
[Result "1-0"]
[WhiteElo "2279"]
[BlackElo "1965"]
[Annotator "NA"]
[PlyCount "48"]
[EventDate "2021.12.17"]
[EventType "swiss"]
[EventCountry "POL"]
[SourceTitle "playchess.com"]
[Source "ChessBase"]
[SourceQuality "1"]

1. e4 e6 2. d4 d5 3. Nd2 h6 4. Ngf3 Nf6 5. Bd3 c5 6. dxc5 Bxc5 7. Qe2 Nc6 8. c3
O-O 9. O-O e5 10. exd5 Qxd5 11. Ne4 Nxe4 12. Bxe4 Qe6 13. Bxc6 Qxc6 14. Qxe5
Re8 15. Qg3 b6 16. Bf4 Bb7 17. Rfe1 g5 18. h4 f6 19. hxg5 hxg5 20. Rad1 Rxe1+
21. Rxe1 Re8 22. Be3 Bd6 23. Qg4 Kg7 24. Nd4 Qc7 1-0

[Event "European Blitz Championship 2021"]
[Site "Katowice"]
[Date "2021.12.17"]
[Round "17.11"]
[White "Janaszak, Dawid"]
[Black "Goraj, Barbara"]
[Result "1-0"]
[WhiteElo "2328"]
[BlackElo "1902"]
[Annotator "NA"]
[PlyCount "91"]
[EventDate "2021.12.17"]
[EventType "swiss"]
[EventCountry "POL"]
[SourceTitle "playchess.com"]
[Source "ChessBase"]
[SourceQuality "1"]

1. e4 c5 2. Nc3 Nc6 3. Bb5 Nd4 4. Nf3 Nxf3+ 5. Qxf3 e6 6. O-O a6 7. Be2 d6 8.
Rd1 Nf6 9. d4 cxd4 10. Rxd4 Qc7 11. Bg5 Be7 12. Rad1 Bd7 13. a4 Qb6 14. b3 Rc8
15. Rc4 Rxc4 16. Bxc4 Qc5 17. Be3 Qc7 18. Qg3 g6 19. Bh6 Qc5 20. Be3 Qc7 21.
Bf4 e5 22. Bh6 Bc6 23. f3 Qb8 24. Qf2 b5 25. axb5 axb5 26. Bf1 b4 27. Nb1 Nd7
28. Nd2 Nb6 29. Kh1 Rg8 30. Be3 Bd8 31. h3 Bc7 32. f4 Kf8 33. f5 Kg7 34. Qh4 f6
35. Bh6+ Kf7 36. Be3 Kg7 37. fxg6 hxg6 38. Be2 Kf7 39. Rf1 Nd7 40. Bc4+ d5 41.
exd5 Rh8 42. dxc6+ Ke7 43. Qg4 f5 44. Qxg6 Nf6 45. Qf7+ Kd6 46. Qe6# 1-0

[Event "European Blitz Championship 2021"]
[Site "Katowice"]
[Date "2021.12.17"]
[Round "17.11"]
[White "Lewtak, Damian"]
[Black "Plat, Vojtech"]
[Result "1-0"]
[WhiteElo "2203"]
[BlackElo "2548"]
[Annotator "ChessBase"]
[PlyCount "131"]
[EventDate "2021.12.17"]
[EventType "swiss"]
[EventCountry "POL"]
[SourceTitle "playchess.com"]
[Source "ChessBase"]
[SourceQuality "1"]

1. d4 g6 2. c3 Bg7 3. Nf3 d6 4. e4 Nf6 5. e5 dxe5 6. Nxe5 O-O 7. Bc4 Nd5 8. O-O
c6 9. Re1 Be6 10. Bb3 Nd7 11. Nd2 Nxe5 12. dxe5 Nf4 13. Bxe6 fxe6 14. Nf3 Nd3
15. Re3 Nxe5 16. Qe2 Nxf3+ 17. Rxf3 Rxf3 18. Qxf3 Qd5 19. Qe2 Rd8 20. Be3 b6
21. Re1 Bf6 22. a3 Kf7 23. h3 h5 24. Qa6 Rd7 25. Qc8 c5 26. Bf4 Qb7 27. Qxb7
Rxb7 28. Rd1 e5 29. Be3 Ke8 30. b3 Rd7 31. Rxd7 Kxd7 32. c4 e4 33. Kf1 Bd4 34.
Bf4 a6 35. g4 hxg4 36. hxg4 b5 37. Ke2 bxc4 38. bxc4 Bc3 39. Ke3 Bd4+ 40. Kxe4
Bxf2 41. Bd2 Ke6 42. Bg5 Bd4 43. Bh4 Kd7 44. Kd5 e6+ 45. Ke4 Kc6 46. Be1 Bb2
47. a4 Bf6 48. Bd2 Kd6 49. Bf4+ Kc6 50. Bd2 Bb2 51. Be1 Ba3 52. Ke5 Bb4 53. Bh4
Kd7 54. Kf6 Bc3+ 55. Kxg6 Ke8 56. Bf6 Bd4 57. g5 Kf8 58. Bd8 Ke8 59. Bc7 Kf8
60. Bg3 Ke7 61. Kh7 e5 62. g6 e4 63. Bf4 Ke6 64. g7 Bxg7 65. Kxg7 Kf5 66. Be3
1-0

[Event "European Blitz Championship 2021"]
[Site "Katowice"]
[Date "2021.12.17"]
[Round "17.12"]
[White "Bjerre, Jonas"]
[Black "Blohberger, Felix"]
[Result "1-0"]
[WhiteElo "2201"]
[BlackElo "2490"]
[Annotator "ChessBase"]
[PlyCount "61"]
[EventDate "2021.12.17"]
[EventType "swiss"]
[EventCountry "POL"]
[SourceTitle "playchess.com"]
[Source "ChessBase"]
[SourceQuality "1"]

1. d4 Nf6 2. Nf3 d5 3. c4 c6 4. Nbd2 Bf5 5. Nh4 Bg6 6. Qb3 Qb6 7. Qh3 Nbd7 8.
Nxg6 fxg6 9. e3 Qc7 10. Be2 Nb6 11. c5 Nbd7 12. Qe6 b6 13. b4 a5 14. b5 bxc5
15. bxc6 Nb8 16. Bb5 c4 17. Ba3 Na6 18. O-O Nb4 19. Nf3 Qd6 20. c7+ Nd7 21.
Bxd7+ Qxd7 22. Qb6 Nc6 23. Ne5 Nxe5 24. dxe5 e6 25. Qb8+ Qc8 26. Bxf8 Rxf8 27.
Rab1 Ke7 28. Rb7 Kf7 29. Rfb1 g5 30. Qxa8 Qxa8 31. c8=Q+ 1-0

[Event "European Blitz Championship 2021"]
[Site "Katowice"]
[Date "2021.12.17"]
[Round "17.12"]
[White "Masternak, Grzegorz"]
[Black "Malik, Maciej"]
[Result "0-1"]
[WhiteElo "2188"]
[BlackElo "1987"]
[Annotator "NA"]
[PlyCount "100"]
[EventDate "2021.12.17"]
[EventType "swiss"]
[EventCountry "POL"]
[SourceTitle "playchess.com"]
[Source "ChessBase"]
[SourceQuality "1"]

1. e4 g6 2. Nc3 d6 3. g3 Nf6 4. Bg2 Bg7 5. d3 O-O 6. h3 c6 7. Be3 b5 8. Qd2 a5
9. Bh6 b4 10. Nce2 Nbd7 11. Bxg7 Kxg7 12. f4 Bb7 13. Nf3 c5 14. g4 e5 15. O-O
h5 16. g5 Ne8 17. f5 Nc7 18. Ng3 d5 19. Nh4 dxe4 20. dxe4 Nb6 21. Rad1 Qxd2 22.
Rxd2 Rfd8 23. Rfd1 Rxd2 24. Rxd2 Nb5 25. Nf3 Nc4 26. Rd7 Bc6 27. Re7 Kf8 28.
Rxe5 Nxe5 29. Nxe5 Be8 30. Bf1 Nd6 31. Nc4 Nxc4 32. Bxc4 Rd8 33. Bd5 h4 34. Ne2
gxf5 35. Nf4 fxe4 36. Kf2 Ke7 37. Ke3 Kd6 38. Bxe4 Bd7 39. Bd3 Rg8 40. g6 fxg6
41. Nxg6 Bxh3 42. Nxh4 Be6 43. a3 c4 44. Be4 Rg3+ 45. Nf3 Bg4 46. axb4 Bxf3 47.
Bxf3 axb4 48. b3 c3 49. Ke2 Ke5 50. Bh5 Kd4 0-1

[Event "European Blitz Championship 2021"]
[Site "Katowice"]
[Date "2021.12.17"]
[Round "17.13"]
[White "Sumets, Andrey"]
[Black "Malek, Jan"]
[Result "1/2-1/2"]
[WhiteElo "2527"]
[BlackElo "1838"]
[Annotator "ChessBase"]
[PlyCount "64"]
[EventDate "2021.12.17"]
[EventType "swiss"]
[EventCountry "POL"]
[SourceTitle "playchess.com"]
[Source "ChessBase"]
[SourceQuality "1"]

1. d4 d5 2. c4 dxc4 3. e3 Nf6 4. Bxc4 c5 5. Nf3 e6 6. O-O a6 7. Nc3 cxd4 8.
exd4 b5 9. Bb3 Bb7 10. Re1 Be7 11. Bf4 O-O 12. Rc1 Nc6 13. d5 exd5 14. Nxd5
Nxd5 15. Bxd5 Rc8 16. a3 Bf6 17. Rc2 Na5 18. Rd2 Bxd5 19. Rxd5 Qb6 20. Be5 Nc4
21. Bxf6 Qxf6 22. b3 Nxa3 23. Rd6 Rfd8 24. Rxf6 Rxd1 25. Rxa6 Rxe1+ 26. Nxe1 b4
27. Rb6 g6 28. Kf1 Rc1 29. Ke2 Rb1 30. Nd3 Rxb3 31. Rxb4 Rxb4 32. Nxb4 Nc4
1/2-1/2

[Event "European Blitz Championship 2021"]
[Site "Katowice"]
[Date "2021.12.17"]
[Round "17.13"]
[White "Kaliszuk, Kamil"]
[Black "Ortega Ruiz, Jose Miguel"]
[Result "0-1"]
[WhiteElo "1830"]
[BlackElo "2317"]
[Annotator "NA"]
[PlyCount "68"]
[EventDate "2021.12.17"]
[EventType "swiss"]
[EventCountry "POL"]
[SourceTitle "playchess.com"]
[Source "ChessBase"]
[SourceQuality "1"]

1. e4 d5 2. exd5 Qxd5 3. Nc3 Qa5 4. Nf3 Nf6 5. h3 c6 6. Bc4 Bf5 7. d3 e6 8. Bd2
Qc7 9. Qe2 Nbd7 10. O-O Be7 11. Rfe1 O-O 12. Nd4 Rfe8 13. Nxf5 exf5 14. Qf3 g6
15. Bg5 Bb4 16. a3 Bxc3 17. bxc3 Kg7 18. Bf4 Qa5 19. d4 Rxe1+ 20. Rxe1 Qxa3 21.
Be5 a5 22. g4 fxg4 23. hxg4 h6 24. Qf4 Qxc3 25. Re3 Qxc4 26. Rf3 Qe6 27. Kh2 a4
28. g5 hxg5 29. Qxg5 Rh8+ 30. Kg2 Rh5 31. Qf4 Nxe5 32. dxe5 Qxe5 33. Qxa4 Rg5+
34. Kf1 Qb5+ 0-1

[Event "European Blitz Championship 2021"]
[Site "Katowice"]
[Date "2021.12.17"]
[Round "17.14"]
[White "Papasimakopoulos, Alexandros"]
[Black "Motylev, Alexander"]
[Result "0-1"]
[WhiteElo "2394"]
[BlackElo "2633"]
[Annotator "RC"]
[PlyCount "164"]
[EventDate "2021.12.17"]
[EventType "swiss"]
[EventCountry "POL"]
[SourceTitle "playchess.com"]
[Source "ChessBase"]
[SourceQuality "1"]

1. d4 Nf6 2. c4 e6 3. Nc3 Bb4 4. Qc2 h6 5. a3 Bxc3+ 6. Qxc3 Nc6 7. f3 d5 8. e3
O-O 9. Nh3 Re8 10. Nf2 e5 11. dxe5 Rxe5 12. cxd5 Nxd5 13. Qd3 Nxe3 14. Qxd8+
Nxd8 15. Bxe3 Rxe3+ 16. Kd2 Re7 17. Bd3 Ne6 18. Rhe1 Bd7 19. Rad1 Ba4 20. Bc2
Bxc2 21. Kxc2 Rae8 22. Kc3 Kf8 23. b4 c6 24. Rd2 Nf4 25. Rxe7 Kxe7 26. g3 Nd5+
27. Kc4 Rd8 28. Kb3 Nf6 29. Re2+ Kf8 30. Kc4 Nd7 31. f4 Nb6+ 32. Kb3 f5 33. a4
Rd5 34. a5 Nd7 35. Kc4 b5+ 36. Kc3 c5 37. bxc5 Rxc5+ 38. Kb4 a6 39. Nd3 Rc4+
40. Kb3 Kf7 41. Rd2 Ke6 42. Nb4 Nc5+ 43. Ka3 Rc3+ 44. Ka2 Rc4 45. Ka3 Rc3+ 46.
Ka2 Rc4 47. Re2+ Re4 48. Rb2 Na4 49. Rb3 Nc5 50. Rb2 g5 51. fxg5 hxg5 52. Ka3
Re3+ 53. Ka2 Re4 54. Ka3 f4 55. gxf4 gxf4 56. Rc2 Rc4 57. Re2+ Kf5 58. Re8 f3
59. Rf8+ Kg4 60. Nd5 Ra4+ 61. Kb2 Nd3+ 62. Kc2 Ra3 63. Ne3+ Kg5 64. Rxf3 Ne1+
65. Kb2 Rxa5 66. Rg3+ Kf4 67. Nd5+ Ke4 68. Nb4 Ra4 69. Rg4+ Kf3 70. Rg3+ Kf2
71. Nd5 Nf3 72. Rh3 a5 73. Rh5 Rd4 74. Nb6 Rb4+ 75. Kc3 Rb1 76. h4 a4 77. Nxa4
bxa4 78. Ra5 Rb3+ 79. Kc2 Nd4+ 80. Kd2 a3 81. h5 Rh3 82. h6 Nb3+ 0-1

[Event "European Blitz Championship 2021"]
[Site "Katowice"]
[Date "2021.12.17"]
[Round "17.14"]
[White "Balacek, Tadeas"]
[Black "Golubovskis, Maksims"]
[Result "1-0"]
[WhiteElo "2312"]
[BlackElo "2088"]
[Annotator "NA"]
[PlyCount "57"]
[EventDate "2021.12.17"]
[EventType "swiss"]
[EventCountry "POL"]
[SourceTitle "playchess.com"]
[Source "ChessBase"]
[SourceQuality "1"]

1. d4 Nf6 2. c4 c5 3. d5 b5 4. Nf3 g6 5. cxb5 a6 6. Qc2 d6 7. e4 Bg7 8. Nc3 O-O
9. a4 e6 10. dxe6 fxe6 11. Bg5 Bb7 12. Rd1 Qe7 13. e5 Bxf3 14. gxf3 dxe5 15.
Bc4 h6 16. Bh4 g5 17. Bg3 Nh5 18. Qe4 Nd7 19. Qg4 Ndf6 20. Qxe6+ Qxe6 21. Bxe6+
Kh8 22. b6 a5 23. O-O Rab8 24. Rd6 Ne8 25. Rc6 Nhf6 26. Bxe5 Rb7 27. Bc8 Re7
28. b7 Ng8 29. Be6 1-0

[Event "European Blitz Championship 2021"]
[Site "Katowice"]
[Date "2021.12.17"]
[Round "17.15"]
[White "Gdanski, Jacek"]
[Black "Tazbir, Marcin"]
[Result "0-1"]
[WhiteElo "2367"]
[BlackElo "2508"]
[Annotator "ChessBase"]
[PlyCount "52"]
[EventDate "2021.12.17"]
[EventType "swiss"]
[EventCountry "POL"]
[SourceTitle "playchess.com"]
[Source "ChessBase"]
[SourceQuality "1"]

1. e4 c5 2. Nc3 Nc6 3. Nf3 e6 4. d4 cxd4 5. Nxd4 Qc7 6. Be3 a6 7. a3 Nf6 8. h4
Ne5 9. Be2 h5 10. Bg5 Bc5 11. Bxf6 gxf6 12. Nb3 Ba7 13. Bxh5 Nc4 14. Be2 Nxb2
15. Qd2 Nc4 16. Bxc4 Qxc4 17. Qd3 Qc7 18. h5 b5 19. Ne2 Qe5 20. Rd1 Rxh5 21.
Rxh5 Qxh5 22. Qg3 Qg5 23. Qxg5 fxg5 24. e5 Bb8 25. Nc5 Bxe5 26. Nxd7 Bxd7 0-1

[Event "European Blitz Championship 2021"]
[Site "Katowice"]
[Date "2021.12.17"]
[Round "17.15"]
[White "Kozak, Antoni"]
[Black "Szmyd, Arkadiusz"]
[Result "1-0"]
[WhiteElo "2272"]
[BlackElo "2062"]
[Annotator "NA"]
[PlyCount "67"]
[EventDate "2021.12.17"]
[EventType "swiss"]
[EventCountry "POL"]
[SourceTitle "playchess.com"]
[Source "ChessBase"]
[SourceQuality "1"]

1. d4 Nf6 2. Nf3 d5 3. Bf4 e6 4. e3 c5 5. c3 Bd6 6. Bg3 Nc6 7. Nbd2 O-O 8. Bd3
Qe7 9. Ne5 Bxe5 10. dxe5 Nd7 11. f4 f5 12. Nf3 c4 13. Bc2 Nc5 14. Bh4 Qc7 15.
Rg1 Ne4 16. g4 b5 17. gxf5 Rxf5 18. Ng5 Nxg5 19. Bxf5 exf5 20. Bxg5 Be6 21. Bf6
g6 22. Qh5 Qf7 23. Qh6 Rc8 24. h4 Rc7 25. h5 Qf8 26. Qxf8+ Kxf8 27. hxg6 hxg6
28. Rxg6 Rh7 29. O-O-O Kf7 30. Rdg1 a5 31. Rg7+ Rxg7 32. Rxg7+ Ke8 33. Rc7 Bd7
34. e6 1-0

[Event "European Blitz Championship 2021"]
[Site "Katowice"]
[Date "2021.12.17"]
[Round "17.16"]
[White "Janik, Igor"]
[Black "Tymrakiewicz, Rafal"]
[Result "1-0"]
[WhiteElo "2508"]
[BlackElo "2172"]
[Annotator "ChessBase"]
[PlyCount "149"]
[EventDate "2021.12.17"]
[EventType "swiss"]
[EventCountry "POL"]
[SourceTitle "playchess.com"]
[Source "ChessBase"]
[SourceQuality "1"]

1. e4 Nf6 2. e5 Nd5 3. d4 d6 4. Nf3 g6 5. Be2 Bg7 6. exd6 cxd6 7. O-O O-O 8. h3
e5 9. c4 Ne7 10. Nc3 Nbc6 11. d5 Nd4 12. Nxd4 exd4 13. Ne4 Bf5 14. Ng3 Bd7 15.
Bd3 Re8 16. Bf4 Qb6 17. Qd2 Rac8 18. b3 a5 19. Bh6 Bh8 20. Rfe1 Qd8 21. Qf4 Qc7
22. Re2 Rcd8 23. Rae1 Nc8 24. Ne4 f5 25. Ng5 Rxe2 26. Rxe2 Be5 27. Qh4 Bf6 28.
Qg3 Re8 29. Rxe8+ Bxe8 30. Ne6 Qf7 31. Bd2 Be5 32. f4 Bf6 33. Bxa5 b6 34. Bd2
Ne7 35. Qf2 Nc6 36. h4 Nd8 37. Nxd4 Qg7 38. Be3 Bd7 39. Nf3 Nf7 40. Bd4 h6 41.
Bxf6 Qxf6 42. Qd4 Kg7 43. Qxf6+ Kxf6 44. Kf2 Be8 45. g3 Nd8 46. Nd4 Nb7 47. Ke3
Bd7 48. Be2 g5 49. b4 gxh4 50. gxh4 Be8 51. Bd3 Bd7 52. Be2 Bc8 53. Bh5 Bd7 54.
a3 Nd8 55. Ne2 Nb7 56. Kd4 Ba4 57. Nc3 Bc2 58. Nb5 Ba4 59. Nc7 Bd7 60. Be8 Bxe8
61. Nxe8+ Ke7 62. Nc7 Kd7 63. Na8 b5 64. cxb5 Ke7 65. Nb6 Nd8 66. Nc4 Kd7 67.
a4 Kc7 68. a5 Nf7 69. b6+ Kb7 70. b5 Kc8 71. a6 Kb8 72. Na5 h5 73. Nc6+ Kc8 74.
b7+ Kd7 75. b8=Q 1-0

[Event "European Blitz Championship 2021"]
[Site "Katowice"]
[Date "2021.12.17"]
[Round "17.16"]
[White "Mica, Marek"]
[Black "Kulon, Klaudia"]
[Result "0-1"]
[WhiteElo "2055"]
[BlackElo "2265"]
[Annotator "NA"]
[PlyCount "198"]
[EventDate "2021.12.17"]
[EventType "swiss"]
[EventCountry "POL"]
[SourceTitle "playchess.com"]
[Source "ChessBase"]
[SourceQuality "1"]

1. c4 Nf6 2. Nc3 g6 3. Nf3 Bg7 4. g3 O-O 5. Bg2 d6 6. d4 Nc6 7. O-O e5 8. dxe5
dxe5 9. Bg5 Be6 10. Nd5 Bxd5 11. Bxf6 Qxf6 12. cxd5 Ne7 13. e4 Rfd8 14. Qb3 Qb6
15. Qa3 Bf8 16. Qc3 f6 17. Rfd1 Rac8 18. Qc4 Kg7 19. Rac1 c6 20. d6 Ng8 21. d7
Rc7 22. Bh3 Qxb2 23. Qe6 Qa3 24. Ng5 fxg5 25. Qxe5+ Nf6 26. Qxc7 Be7 27. Qxb7
Nxe4 28. Qxc6 Nf6 29. Qc3 Qxa2 30. Qe5 Qa3 31. Ra1 Qc5 32. Qxc5 Bxc5 33. Kg2 g4
34. Bxg4 Nxg4 35. Rd5 Bb6 36. Rad1 Nf6 37. R5d2 Kf7 38. f4 Ke7 39. Re2+ Kf7 40.
Red2 a5 41. Kf3 h5 42. h3 a4 43. g4 hxg4+ 44. hxg4 a3 45. g5 Ng8 46. Ra2 Bc5
47. Rd5 Be7 48. Ke4 Bf8 49. Rd3 Bb4 50. Rb3 Bd6 51. Rb7 Ne7 52. Rd2 Nf5 53. Ra7
Bc5 54. Ra5 Bb4 55. Rdd5 Bxa5 56. Rxa5 Rxd7 57. Rxa3 Rd4+ 58. Kf3 Rb4 59. Ra7+
Ne7 60. Ra6 Nd5 61. Rd6 Rb3+ 62. Kf2 Ne3 63. Rf6+ Kg7 64. Ke2 Nd5 65. Ra6 Nxf4+
66. Kd2 Rg3 67. Ra7+ Kf8 68. Ra8+ Ke7 69. Ra7+ Ke6 70. Ke1 Rxg5 71. Kf2 Rb5 72.
Kg3 g5 73. Kg4 Ng6 74. Ra6+ Kf7 75. Ra7+ Kf6 76. Ra6+ Kg7 77. Ra7+ Kh6 78. Ra4
Ne5+ 79. Kf5 Nc6+ 80. Kf6 Ne5 81. Ra1 Ng4+ 82. Ke6 Kg6 83. Rg1 Ne3 84. Rg3 Nf5
85. Rg1 Nd4+ 86. Kd6 Nf3 87. Rg3 Nh4 88. Ke6 Kh5 89. Rg1 g4 90. Ra1 Kg5 91. Ra8
g3 92. Rg8+ Kf4 93. Rf8+ Kg4 94. Rg8+ Rg5 95. Ra8 g2 96. Ra4+ Kg3 97. Kf6 Rg4
98. Ra3+ Nf3 99. Kf5 g1=Q 0-1

[Event "European Blitz Championship 2021"]
[Site "Katowice"]
[Date "2021.12.17"]
[Round "17.17"]
[White "Bernadskiy, Vitaliy"]
[Black "Starek, Stanislav"]
[Result "1-0"]
[WhiteElo "2592"]
[BlackElo "2159"]
[Annotator "ChessBase"]
[PlyCount "86"]
[EventDate "2021.12.17"]
[EventType "swiss"]
[EventCountry "POL"]
[SourceTitle "playchess.com"]
[Source "ChessBase"]
[SourceQuality "1"]

1. e4 d5 2. exd5 Qxd5 3. Nc3 Qd6 4. d4 c6 5. Bc4 Nf6 6. Nge2 Bg4 7. f3 Be6 8.
Bf4 Qd7 9. Bxe6 Qxe6 10. Qd3 Nbd7 11. O-O-O Nb6 12. Rhe1 Qc4 13. Qxc4 Nxc4 14.
d5 O-O-O 15. dxc6 Rxd1+ 16. Rxd1 bxc6 17. Rd4 Nb6 18. Rd3 Nfd5 19. Nxd5 Nxd5
20. Bg3 e6 21. a3 Bc5 22. c4 Nf6 23. b4 Bb6 24. Rd6 Kb7 25. Nc3 Bc7 26. Rd3
Bxg3 27. hxg3 Kc7 28. g4 Rd8 29. Kc2 Nd7 30. Ne4 Ne5 31. Rxd8 Kxd8 32. Kc3 Ng6
33. Kd4 Kc7 34. Ng5 e5+ 35. Ke4 f6 36. Ne6+ Kd6 37. Nxg7 Nf4 38. Nf5+ Ke6 39.
Ne3 Ne2 40. Kd3 Nf4+ 41. Kc3 h5 42. gxh5 Nxh5 43. c5 Nf4 1-0

[Event "European Blitz Championship 2021"]
[Site "Katowice"]
[Date "2021.12.17"]
[Round "17.17"]
[White "Kowalczyk, Rafal"]
[Black "Sokolowski, Jacek"]
[Result "1-0"]
[WhiteElo "2252"]
[BlackElo "2043"]
[Annotator "NA"]
[PlyCount "91"]
[EventDate "2021.12.17"]
[EventType "swiss"]
[EventCountry "POL"]
[SourceTitle "playchess.com"]
[Source "ChessBase"]
[SourceQuality "1"]

1. e4 Nf6 2. e5 Nd5 3. c4 Nb6 4. d4 d6 5. exd6 exd6 6. Nc3 Nc6 7. h3 Bf5 8. Be3
Be7 9. Nf3 O-O 10. d5 Nb4 11. Nd4 Bg6 12. a3 Na6 13. b4 Bf6 14. Be2 c5 15. dxc6
bxc6 16. Rc1 c5 17. Nc6 Qd7 18. b5 Nb8 19. O-O Qe6 20. Na5 N8d7 21. Bf3 Rae8
22. Re1 Ne5 23. Be2 Rd8 24. Nd5 Nxd5 25. cxd5 Qf5 26. Nc6 Rd7 27. Nxe5 Bxe5 28.
a4 Rb7 29. Qd2 Re8 30. f4 Bf6 31. Bg4 Qd3 32. Qxd3 Bxd3 33. Bf2 Rbe7 34. Rxe7
Rxe7 35. Bf3 Be2 36. Bxe2 Rxe2 37. Re1 Rxe1+ 38. Bxe1 Kf8 39. a5 c4 40. Bf2 c3
41. Be3 c2 42. Kf1 Bd4 43. Bc1 Bc3 44. b6 axb6 45. a6 Bd4 46. a7 1-0

[Event "European Blitz Championship 2021"]
[Site "Katowice"]
[Date "2021.12.17"]
[Round "17.18"]
[White "Szpar, Milosz"]
[Black "Andersen, Mads"]
[Result "1-0"]
[WhiteElo "2285"]
[BlackElo "2575"]
[Annotator "ChessBase"]
[PlyCount "107"]
[EventDate "2021.12.17"]
[EventType "swiss"]
[EventCountry "POL"]
[SourceTitle "playchess.com"]
[Source "ChessBase"]
[SourceQuality "1"]

1. e4 e5 2. Nf3 Nc6 3. Bb5 Nge7 4. c3 d5 5. Qe2 dxe4 6. Nxe5 Be6 7. O-O Qd5 8.
Nxc6 Nxc6 9. d4 exd3 10. Bxd3 O-O-O 11. Be4 Qc4 12. Qxc4 Bxc4 13. Re1 Bc5 14.
Nd2 Bd3 15. Bxc6 bxc6 16. Nb3 Bb6 17. Bf4 Rhe8 18. Rad1 Bc4 19. Rxe8 Rxe8 20.
Nc1 a5 21. b3 Be6 22. Kf1 a4 23. c4 axb3 24. axb3 Bf5 25. Rd2 Ba5 26. Re2 Rd8
27. Re5 Rd1+ 28. Ke2 Re1+ 29. Kf3 Rxe5 30. Bxe5 Bd2 31. Ne2 f6 32. Bc3 Bh6 33.
Nd4 Bd7 34. Ke4 c5 35. Nf5 Bc6+ 36. Kd3 Bxg2 37. Nxh6 gxh6 38. Bxf6 Kd7 39. Bg7
h5 40. Bf8 Kc6 41. f4 Kd7 42. Bxc5 Ke6 43. Ke3 Bb7 44. Bd4 Kf5 45. Be5 c6 46.
Kd4 Bc8 47. Kc5 Bd7 48. b4 Ke6 49. b5 cxb5 50. cxb5 Bc8 51. Kc6 Bd7+ 52. Kb6
Kd5 53. Ka6 Bc8+ 54. Ka7 1-0

[Event "European Blitz Championship 2021"]
[Site "Katowice"]
[Date "2021.12.17"]
[Round "17.18"]
[White "Czernek, Tymon"]
[Black "Kastelik, Adrian"]
[Result "1/2-1/2"]
[WhiteElo "2197"]
[BlackElo "2248"]
[Annotator "NA"]
[PlyCount "123"]
[EventDate "2021.12.17"]
[EventType "swiss"]
[EventCountry "POL"]
[SourceTitle "playchess.com"]
[Source "ChessBase"]
[SourceQuality "1"]

1. e4 e5 2. Nf3 Nc6 3. Bc4 Nf6 4. d3 Be7 5. O-O O-O 6. h3 a6 7. Bb3 d5 8. exd5
Nxd5 9. Re1 Bf6 10. Nbd2 Nb6 11. Ne4 Re8 12. Nfg5 Bxg5 13. Nxg5 Be6 14. Qh5 h6
15. Nxe6 fxe6 16. Qg6 Qf6 17. Qxf6 gxf6 18. Bxh6 Nd4 19. Be3 Nxb3 20. axb3 Nd5
21. Ra4 Kf7 22. Bd2 Rg8 23. Kf1 Rg6 24. Rh4 Rag8 25. Rh7+ R8g7 26. Rxg7+ Rxg7
27. Re4 c6 28. g3 Ne7 29. Rb4 b5 30. Rh4 Nf5 31. Rh8 Nd4 32. Ra8 Nxc2 33. Rxa6
Nd4 34. Bc3 Nxb3 35. Rxc6 Rg8 36. Rb6 Nc1 37. Rxb5 Nxd3 38. Rb7+ Kg6 39. Ke2
Nc5 40. Rc7 Ne4 41. Ke3 Nd6 42. Rc6 Rd8 43. g4 Kf7 44. Kf3 Nb5 45. h4 Rd3+ 46.
Ke2 Rh3 47. h5 e4 48. Rc4 f5 49. Rc5 Nxc3+ 50. bxc3 fxg4 51. Rg5 Rxc3 52. Rxg4
Rh3 53. Rg5 Kf6 54. Ra5 e5 55. Ra6+ Kg5 56. h6 Rxh6 57. Rxh6 Kxh6 58. Ke3 Kg5
59. Kxe4 Kf6 60. f3 Ke6 61. f4 exf4 62. Kxf4 1/2-1/2

[Event "European Blitz Championship 2021"]
[Site "Katowice"]
[Date "2021.12.17"]
[Round "17.19"]
[White "Wikar, Martyna"]
[Black "Bauer, Thomas"]
[Result "0-1"]
[WhiteElo "2168"]
[BlackElo "2204"]
[Annotator "NA"]
[PlyCount "56"]
[EventDate "2021.12.17"]
[EventType "swiss"]
[EventCountry "POL"]
[SourceTitle "playchess.com"]
[Source "ChessBase"]
[SourceQuality "1"]

1. e4 c5 2. Nf3 d6 3. d4 cxd4 4. Nxd4 Nf6 5. Nc3 g6 6. f3 Bg7 7. Be3 O-O 8. Qd2
Nc6 9. O-O-O d5 10. Nxc6 bxc6 11. Bh6 Qb6 12. e5 Nd7 13. Bxg7 Kxg7 14. h4 Rb8
15. b3 h5 16. g4 Rh8 17. Qg5 f6 18. exf6+ exf6 19. Qf4 Qb4 20. Ne2 Ne5 21. Rd4
Qa3+ 22. Kb1 Be6 23. g5 Bf5 24. gxf6+ Kxf6 25. Ra4 Qd6 26. Nd4 Rhe8 27. Rg1 Nf7
28. Bd3 Qxf4 0-1

[Event "European Blitz Championship 2021"]
[Site "Katowice"]
[Date "2021.12.17"]
[Round "17.20"]
[White "Vetoshko, Volodymyr"]
[Black "Baum, Jonasz"]
[Result "1-0"]
[WhiteElo "2525"]
[BlackElo "2157"]
[Annotator "ChessBase"]
[PlyCount "83"]
[EventDate "2021.12.17"]
[EventType "swiss"]
[EventCountry "POL"]
[SourceTitle "playchess.com"]
[Source "ChessBase"]
[SourceQuality "1"]

1. e4 c5 2. Nf3 d6 3. d4 cxd4 4. Nxd4 Nf6 5. Nc3 a6 6. Be2 e6 7. Be3 Be7 8. f4
Qc7 9. g4 h6 10. g5 hxg5 11. fxg5 Nfd7 12. g6 Bh4+ 13. Kd2 Ne5 14. gxf7+ Qxf7
15. Qg1 Nbc6 16. Rf1 Bf6 17. Kc1 Bd7 18. Kb1 O-O-O 19. Na4 Nxd4 20. Nb6+ Kc7
21. Bxd4 Bc6 22. Qe3 Qe7 23. Nc4 Nxc4 24. Bxc4 Bxd4 25. Qxd4 Rh4 26. Rhg1 e5
27. Qc3 Rf8 28. Bd5 Rxf1+ 29. Rxf1 Rf4 30. Rd1 Qd7 31. a3 Rf2 32. Rg1 Rxh2 33.
Bxc6 bxc6 34. Qa5+ Kb7 35. Rg3 Rh1+ 36. Ka2 Qf7+ 37. Rb3+ Kc8 38. Qxa6+ Kd7 39.
Qb7+ Ke6 40. Qxc6 Rd1 41. Qc4+ Kf6 42. Rf3+ 1-0